00834nam a2200217 a 450000100100000000500170001000800410002704000250006808200150009324501040010826000430021230000210025549000150027653400460029170000450033773000730038283000220045504900090047795201130048699900170059900002295320200930021907.0101123s1972 ag r 000 | spa d aDO-SdBNPbspacBNPHU axxxbG619c14aLas ciencias humanas y la filosofía /cLucien Goldmann; traducción Josefina Martínez Alinari. aBuenos Aires :bNueva Visión,c1972. a120 p. ;c18 cm. aFichas;v2 aSciences humaines et philophielespañol1 aMartínez Alinari, Josefinaetr.9471980 aTítulo original francés :tSciences humaines et philophie947199 0aFichas;v2933686 aBNGR 001050718MOaGRbGRcCTd2010-11-23iLF1l0oxxx G619cp22953-10r2020-06-25w2020-06-25y1ZNo se presta c22450d22450